Phoenix Suns leading scorer per game (2023-2024 season) - Statistics

General Stats
  • This quiz has been taken 13 times
  • The average score is 5 of 6
Answer Stats
# of games Player % Correct
7 Bradley Beal
100%
28 Devin Booker
100%
38 Kevin Durant
100%
1 Jusuf Nurkic
70%
7 Grayson Allen
60%
1 Eric Gordon
30%
No matching quizzes found
Score Distribution
Percent of People with Each Score
Percentile by Number Answered
Your Score History
You have not taken this quiz